| 000 | 00394cam a2200157ua 4500 | ||
|---|---|---|---|
| 041 |
_aeng _h |
||
| 082 |
_a363.8 _bCAS/GE |
||
| 100 | _aCastro, Josue De . | ||
| 245 | 0 | 0 |
_aGEography of hunger / _cJosue De Castro. _hTextual Documents |
| 260 |
_aBoston : _bLittle Brown and Company , _c1952. |
||
| 300 | _a337 ; . | ||
| 500 | _a**Reference | ||
| 504 | _a | ||
| 942 | _cBK | ||
| 999 |
_c7941 _d7941 |
||